000
00354nam a2200157Ia 4500
003
OSt
005
20231222113604.0
008
170524s9999 xx 000 0 und d
020
_a
0074624776
040
_c
IIMT
100
_a
Bhattacharya SK
245
0
_a
Industrial Electronic & Control
260
_b
TMH New Delhi
260
_c
2006
942
_2
ddc
_c
02
999
_c
4858
_d
4858